000 00711nas a2200217 454500
001 57703
005 20260407193512.0
008 260407s1994####ag###########|||spa#d
003 AR-UNSa-BCEJYS
040 _aAR-UNSa-BCEJYS
_bspa
_cAR-UNSa-BCEJYS
080 _a311.3
_xOrganización general de las estadisticas. Estadística oficial
245 1 0 _aClasificador nacional de ocupaciones
_pantecedentes, características y perspectivas
022 _a0326-6222
264 1 _aBuenos Aires :
_bINDEC
_c1994
310 _aSerie: Metodologias Nº 7
041 _aspa
942 _cSER
590 _aniveau_biblio:s niveau_hierar:1
100 1 _aInstituto Nacional de Estadística y Censos (INDEC)
650 _aESTADISTICA
999 _c8983
_d8983